000 00860nam a22001817a 4500
003 UA-OsUOA
001 12323
007 ta
008 20050504b un ||||| |||| 00| 0 ukr d
100 _aТивончук Н.
942 _cSA
040 _aUA-OsUOA
_cUA-OsUOA
_dUA-OsUOA
245 _a"Пильнуймо, люди, наші душі..."
_b[Такими словами відом. письм. Ростислава Солоневського відкривається бібліограф. нарис, який продовжує серію "Літературне краєзнавство", започатк. Рівнен. обл. б-кою для юнацтва в 2000 р.]
300 _aС.4
955 _a0
773 0 _w0
_tВісті Рівненщини
_dРівне
_d2005
_g№32/27 квіт./
650 7 _aБібліографія
_2UDC
999 _c298484
_d298484